000 00570nam a2200181Ia 4500
008 090123s9999 xx 000 0 und d
082 _b39779
100 _aशेवडे सच्चिदानंद
245 _aअघोरवाडा
250 _a2
260 _bपारस पब्लिकेशन्स
_c2006
300 _a176
600 _aशेवडे सच्चिदानंद
630 _aअघोरवाडा
700 _aशेवडे सच्चिदानंद
730 _aअघोरवाडा
942 _cBOOK
999 _c78003
_d78003